000 00311 a2200145 4500
001 194912
040 _cMagnum
100 _aRODRIGUES, Carolina
240 1 0 _aO bem que a gente faz
_lpor
245 1 0 _aO bem que a gente faz
300 _a16
362 0 _a2018
697 _aLITERATURA INFANTIL
942 _cBK
999 _c194912
_d194912